<?xml version="1.0" encoding="UTF-8"?>
<record
    xmlns:xsi="http://www.w3.org/2001/XMLSchema-instance"
    xsi:schemaLocation="http://www.loc.gov/MARC21/slim http://www.loc.gov/standards/marcxml/schema/MARC21slim.xsd"
    xmlns="http://www.loc.gov/MARC21/slim">

  <leader>     nam a22     7a 4500</leader>
  <datafield tag="999" ind1=" " ind2=" ">
    <subfield code="c">149860</subfield>
    <subfield code="d">149858</subfield>
  </datafield>
  <controlfield tag="005">20190729142521.0</controlfield>
  <controlfield tag="008">190729b        sp ||||| |||| 00| 0 spa d</controlfield>
  <datafield tag="020" ind1=" " ind2=" ">
    <subfield code="a">9788430957668</subfield>
  </datafield>
  <datafield tag="050" ind1="0" ind2="4">
    <subfield code="a">N68.6</subfield>
    <subfield code="b">E88 2017</subfield>
  </datafield>
  <datafield tag="245" ind1="0" ind2="0">
    <subfield code="a">Est&#xE9;tica :</subfield>
    <subfield code="b">serie de filosof&#xED;a de la Sociedad Espa&#xF1;ola de Filosof&#xED;a Anal&#xED;tica</subfield>
    <subfield code="c">/ Francisca P&#xE9;rez Carre&#xF1;o (editora) ; autores, Ma. Jos&#xE9; Alcaraz Le&#xF3;&#x301;n, Matilde Carrasco Barranco, Robert D. Hopkins, Derek Matravers, Salvador Rubio Marco, Marta Tafalla Gonz&#xE1;lez, Gerard Vilar Roca.  </subfield>
  </datafield>
  <datafield tag="250" ind1=" " ind2=" ">
    <subfield code="a">1a ed. reimpresi&#xF3;n. </subfield>
  </datafield>
  <datafield tag="260" ind1=" " ind2=" ">
    <subfield code="a">Madrid, Espa&#xF1;a : </subfield>
    <subfield code="b">Tecnos, </subfield>
    <subfield code="c">2017. </subfield>
  </datafield>
  <datafield tag="300" ind1=" " ind2=" ">
    <subfield code="a">261 p. ; </subfield>
    <subfield code="c">23 cm. </subfield>
  </datafield>
  <datafield tag="490" ind1=" " ind2=" ">
    <subfield code="a">Filosof&#xED;a y ensayo</subfield>
  </datafield>
  <datafield tag="650" ind1=" " ind2="7">
    <subfield code="2">lemb </subfield>
    <subfield code="a">Arte </subfield>
    <subfield code="x">Filosof&#xED;a </subfield>
  </datafield>
  <datafield tag="700" ind1="1" ind2=" ">
    <subfield code="a">P&#xE9;rez Carre&#xF1;o, Francisca, </subfield>
    <subfield code="d">1961-</subfield>
  </datafield>
  <datafield tag="700" ind1="1" ind2=" ">
    <subfield code="a">Alcaraz, Mar&#xED;a Jos&#xE9;.</subfield>
    <subfield code="e">coautor</subfield>
  </datafield>
  <datafield tag="700" ind1="1" ind2=" ">
    <subfield code="a">Carrasco Barranco, Matilde, </subfield>
    <subfield code="e">coautora</subfield>
  </datafield>
  <datafield tag="700" ind1="1" ind2=" ">
    <subfield code="a">Hopkins Robert D. </subfield>
    <subfield code="e">coautor</subfield>
  </datafield>
  <datafield tag="700" ind1="1" ind2=" ">
    <subfield code="a">Matravers, Derek, </subfield>
    <subfield code="e">coautor</subfield>
  </datafield>
  <datafield tag="700" ind1="1" ind2=" ">
    <subfield code="a">Rubio Marco, Salvador, </subfield>
    <subfield code="e">coautor</subfield>
  </datafield>
  <datafield tag="700" ind1="1" ind2=" ">
    <subfield code="a">Tafalla Gonz&#xE1;lez, Marta, </subfield>
    <subfield code="e">coautora</subfield>
  </datafield>
  <datafield tag="700" ind1="1" ind2=" ">
    <subfield code="a">Vilar Roca, Gerard, </subfield>
    <subfield code="e">coautor</subfield>
  </datafield>
  <datafield tag="942" ind1=" " ind2=" ">
    <subfield code="2">lcc</subfield>
    <subfield code="c">LIB</subfield>
  </datafield>
  <datafield tag="952" ind1=" " ind2=" ">
    <subfield code="1">0</subfield>
    <subfield code="2">lcc</subfield>
    <subfield code="4">0</subfield>
    <subfield code="7">0</subfield>
    <subfield code="a">INV-033</subfield>
    <subfield code="b">INV-033</subfield>
    <subfield code="c">GENERAL</subfield>
    <subfield code="d">2019-07-29</subfield>
    <subfield code="k">EH</subfield>
    <subfield code="o">N68.6 E88 2017</subfield>
    <subfield code="p">IIH000028932</subfield>
    <subfield code="r">2019-07-29 00:00:00</subfield>
    <subfield code="t">C:1</subfield>
    <subfield code="v">1.00</subfield>
    <subfield code="y">LIB</subfield>
    <subfield code="z">GENERAL</subfield>
  </datafield>
</record>
